000 00303nam a22001337a 4500
008 171113b xxu||||| |||| 00| 0 eng d
020 _a9780324581195
041 _aeng
080 _a331.101.262
100 _a52
101 _aBNJ
245 _aORGANIZATIONAL BEHAVIOR
_cHELLRIEGEL,D
942 _2udc
_cBK
999 _c38270
_d38270